000
00273nam a22001097a 4500
082
_a
621.48 BEN'N
100
_a
PIEFFORD, THOMAS H,BENEDICT, MANSON
_9
78032
245
_a
NUCLEAR CHEMICAL ENGINEERING
260
_a
NEWYORK
_b
MCGRAW HILL
_c
1957
300
_a
594P
942
_c
BK
999
_c
583190
_d
583190